Statistics for TOP 20 NFL RECEIVING YARD LEADERS 2013

Click here to take the quiz!

General Stats

  • This quiz has been taken 26 times
  • The average score is 15 of 20

Answer Stats

Hint Answer % Correct
Pittsburgh Steelers1,499Antonio Brown
100%
Cincinnati Bengals1,426AJ Green
100%
Indianapolis Colts1,083TY Hilton
95%
Detroit Lions1,492Calvin Johnson
95%
Houston Texans1,407Andre Johnson
90%
Dallas Cowboys1,233Dez Bryant
90%
Clevland Browns1,646Josh Gordon
90%
Chicago Bears1,295Brandon Marshall
86%
Green Bay Packers1,314Jordy Nelson
86%
Philadelphia Eagles1,332Desean Jackson
81%
Chicago Bears1,421Alshon Jeffery
81%
Denver Broncos1,430Demaryius Thomas
81%
Washington Redskins1,346Pierre Garcon
76%
Tampa Bay Buccaneers1,224Vincent Jackson
76%
Baltimore Ravens1,128Torrey Smith
62%
New Orleans Saints1,215Jimmy Graham
57%
Denver Broncos1,288Eric Decker
52%
San Francisco 49ers1,179Anquan Boldin
48%
Atlanta Falcons1,067Harry Douglas
14%
Tennessee Titans1,079Kendall Wright
14%

Score Distribution

Percentile by Number Answered

Percent of People with Each Score

Your Score History

You have not taken this quiz